000 00896nam a2200229Ia 4500
999 _c49176
_d49176
001 16087
003 GE_BSU
005 20241209174301.0
008 181216s2009||||ge |||||||||||||| ||geo||
020 _a9789941101496
040 _cGE_BSU
041 _ageo
080 _a1(075.8) რ-21
100 _aრამიშვილი, ვალერიან
_923935
245 _aფილოსოფია :
_b(ძირითადი კურსი) /
_cვალერიან რამიშვილი ; [რედ. ირაკლი ბრაჭული].
264 _aთბილისი :
_bმერიდიანი,
_c2009.
300 _a517გვ. ;
_c24 სმ.
653 _a(ძირითადი კურსი)
653 _aფილოსოფია
700 _aრაჭული, ირაკლი
_eრედაქტორი
_923936
942 _cBK
_2udc